[Event "DEM U12 2019"]
[Site "Willingen GER"]
[Date "2019.06.12"]
[Round "5"]
[White "Krömer, Emanuel"]
[Black "Hoppstädter, Daniel"]
[Result "0-1"]
[Termination "normal"]
[Board "25"]
[WhiteElo "1466"]
[BlackElo "1576"]
[PlyCount "60"]
[WhiteFideId "16287070"]
[BlackFideId "16243625"]
[EventCountry "GER"]
[EventRounds "9"]
[EventType "swiss"]
[EventDate "2019.06.08"]

1. e4 c5 2. c3 Nf6 3. e5 Nd5 4. d4 cxd4 5. cxd4 Nc6 6. Nf3 e6 7. Bd2 Be7 8. Nc3
Nxc3 9. Bxc3 O-O 10. Bd3 f5 11. exf6 Bxf6 12. Ne5 d6 13. Ng6 hxg6 14. Bxg6 Ne7
15. Bc2 Qe8 16. Qd3 Qh5 17. Qg3 Bh4 18. Qd3 Bxf2+ 19. Kd2 e5 20. Bb3+ Kh8 21.
Rhf1 Qg5+ 22. Ke2 Bg4+ 23. Qf3 Qe3+ 24. Kd1 Bxf3+ 25. gxf3 Qd3+ 26. Kc1 Be3+
27. Bd2 Bxd2+ 28. Kd1 Bc3+ 29. Kc1 Qd2+ 30. Kb1 Qxb2# 0-1

[Event "DEM U12 2019"]
[Site "Willingen GER"]
[Date "2019.06.12"]
[Round "5"]
[White "Ensslinger, Colin"]
[Black "Werner, Florin"]
[Result "1-0"]
[Termination "normal"]
[Board "26"]
[WhiteElo "1690"]
[BlackElo "1288"]
[PlyCount "133"]
[WhiteFideId "16226011"]
[BlackFideId "16250230"]
[EventCountry "GER"]
[EventRounds "9"]
[EventType "swiss"]
[EventDate "2019.06.08"]

1. c4 e5 2. g3 Nc6 3. Bg2 f5 4. Nc3 Nf6 5. e3 d5 6. Nxd5 Nxd5 7. cxd5 Nb4 8. d4
e4 9. Bf1 Nxd5 10. Bc4 Be6 11. Bd2 Be7 12. Ne2 c6 13. Qb3 b5 14. Bxd5 Bxd5 15.
Qc2 Rc8 16. Nf4 Bf7 17. Rc1 O-O 18. O-O Qc7 19. b4 Bc4 20. Rfe1 Bg5 21. Nh3 Be7
22. Kg2 Bd3 23. Qb2 Rb8 24. Rc3 Bc4 25. Rec1 Rfc8 26. a4 a6 27. Ng1 Qd6 28.
R3c2 Bd3 29. Rc5 Qf6 30. R5c3 bxa4 31. Qa2+ Kf8 32. Qxa4 Bb5 33. Qa3 Qe6 34.
Qb3 Qxb3 35. Rxb3 Re8 36. Kh1 h6 37. h3 Kf7 38. Rb2 h5 39. h4 g5 40. hxg5 Bxg5
41. Nh3 Be7 42. Nf4 h4 43. gxh4 Bxh4 44. Rc5 Bf6 45. Rxf5 Rh8+ 46. Nh5 Rh6 47.
Rxf6+ Rxf6 48. Nxf6 Kxf6 49. Rc2 Ke6 50. Rc5 Rh8+ 51. Kg2 Rg8+ 52. Kh3 Rh8+ 53.
Kg3 Kf6 54. d5 cxd5 55. Bc3+ Ke6 56. Bxh8 Kd6 57. Kf4 Ke6 58. Be5 Ba4 59. Bd4
Bb5 60. Rc8 Kd7 61. Rc5 Ke6 62. Rxb5 axb5 63. Kg5 Ke7 64. Kf5 Kd6 65. Kf6 Kd7
66. Ke5 Kc6 67. Ke6 1-0

[Event "DEM U12 2019"]
[Site "Willingen GER"]
[Date "2019.06.12"]
[Round "5"]
[White "Brunner, Alexander"]
[Black "Wessel, Daniel"]
[Result "1-0"]
[Termination "normal"]
[Board "27"]
[WhiteElo "1539"]
[BlackElo "1501"]
[PlyCount "51"]
[WhiteFideId "12965278"]
[BlackFideId "16244982"]
[EventCountry "GER"]
[EventRounds "9"]
[EventType "swiss"]
[EventDate "2019.06.08"]

1. d4 e6 2. Nc3 d5 3. Bf4 Nf6 4. e3 c5 5. Nb5 Na6 6. c3 Bd7 7. a4 Bxb5 8. Bxb5+
Nd7 9. Nf3 Nc7 10. Bxc7 Qxc7 11. Ne5 Rd8 12. Nxd7 Rxd7 13. Bxd7+ Qxd7 14. O-O
Be7 15. dxc5 Bxc5 16. b4 Be7 17. Qd4 Bf6 18. Qxa7 O-O 19. Rac1 Rc8 20. a5 Rc7
21. b5 b6 22. Qxb6 Rb7 23. Qc6 Qxc6 24. bxc6 Rc7 25. Rb1 h6 26. a6 1-0

[Event "DEM U12 2019"]
[Site "Willingen GER"]
[Date "2019.06.12"]
[Round "5"]
[White "Andrade, Ruben"]
[Black "Pfeffer, Samuel"]
[Result "1-0"]
[Termination "normal"]
[Board "28"]
[WhiteElo "1480"]
[BlackElo "1333"]
[PlyCount "135"]
[WhiteFideId "16246829"]
[BlackFideId "16249160"]
[EventCountry "GER"]
[EventRounds "9"]
[EventType "swiss"]
[EventDate "2019.06.08"]

1. e4 c5 2. c4 Nc6 3. Nc3 g6 4. g3 Bg7 5. Bg2 e6 6. Nge2 Nge7 7. O-O O-O 8. d3
d6 9. Rb1 b6 10. a3 Bb7 11. b4 Qd7 12. Qb3 Rad8 13. Bf4 f5 14. Bg5 h6 15. Bxe7
Nxe7 16. f4 Bf6 17. b5 Kh7 18. a4 g5 19. Ra1 g4 20. a5 Kg7 21. Ra2 Rh8 22. axb6
axb6 23. Ra7 Nc8 24. Rxb7 Qxb7 25. e5 Qe7 26. exf6+ Qxf6 27. Rb1 h5 28. Kf2 h4
29. Rh1 h3 30. Bf1 Rhe8 31. Qa2 Qe7 32. Qd2 Qb7 33. Rg1 Qf3+ 34. Ke1 d5 35.
cxd5 exd5 36. Qb2 Qxd3 37. Nxd5+ Kg8 38. Nf6+ Kf7 39. Nxe8 Rxe8 40. Qd2 c4 41.
Qxd3 cxd3 42. Kd2 dxe2 43. Bxe2 Nd6 44. Rc1 Rd8 45. Ke3 Ra8 46. Rc2 Ra3+ 47.
Kd4 Ne4 48. Rc7+ Ke8 49. Rc2 Nxg3 50. hxg3 Rxg3 51. Rc8+ Kf7 52. Rh8 Rg2 53.
Bc4+ Kg6 54. Ke3 Rb2 55. Bf1 h2 56. Be2 g3 57. Kf3 Rb1 58. Kg2 Rg1+ 59. Kf3
h1=Q+ 60. Rxh1 Rxh1 61. Kxg3 Rb1 62. Kf2 Rb4 63. Kf3 Kf6 64. Ke3 Rb3+ 65. Kd4
Ke6 66. Bc4+ Kd6 67. Bxb3 Kd7 68. Kd5 1-0

[Event "DEM U12 2019"]
[Site "Willingen GER"]
[Date "2019.06.12"]
[Round "5"]
[White "Janssen, Joris Frederik"]
[Black "Langen, Sebastian"]
[Result "1/2-1/2"]
[Termination "normal"]
[Board "29"]
[WhiteElo "1274"]
[BlackElo "1167"]
[PlyCount "42"]
[WhiteFideId "16287061"]
[BlackFideId "16287088"]
[EventCountry "GER"]
[EventRounds "9"]
[EventType "swiss"]
[EventDate "2019.06.08"]

1. d4 d5 2. c4 e6 3. Nf3 Nf6 4. Nc3 Nbd7 5. e3 Be7 6. Bd3 dxc4 7. Bxc4 O-O 8.
O-O c5 9. Qc2 cxd4 10. exd4 a6 11. h3 Bd6 12. Be3 Re8 13. Rad1 Nb6 14. Bd3 g6
15. Rfe1 Qc7 16. Rc1 Bd7 17. Qd2 Qd8 18. Nh2 Nfd5 19. Re2 Nxe3 20. fxe3 Bc6 21.
e4 e5 1/2-1/2